000 00898cam a22002174a 4500
005 20250730102619.0
008 250528s ||||||||||||||||||||||||d
035 _a21044
020 _a9780123850591
040 _aGR-AtMCL
_bgre
_dGR-AtMCL
_eAACR2
245 1 _aComputer Networks / A Systems Approach
250 _a5th
260 _bElsevier,
_c2012
300 _a894
520 _aThis book teaches you the key principles of computer networks with examples drawn from the real world of network and protocol design. Foreword, Preface, Foundation, Getting Connected, Internetworking, Advanced Internetworking, End-to-End Protocols, Congestion Control and Resource Allocation, End-to-End Data, Network Security, Applications, Glossary, Bibliography, Index.
700 1 _aDavie, Bruce S.
_97068
700 1 _aPeterson, Larry L.
_97069
942 _cBK
999 _c6115
_d6115